[Event "UZB-ch (Women)"]
[Site "Tashkent"]
[Date "2020.03.11"]
[Round "1"]
[White "Narzikulova, Gulhae"]
[Black "Khamdamova, Afruza"]
[Result "1/2-1/2"]
[WhiteElo "1837"]
[BlackElo "1809"]
[PlyCount "65"]
[EventDate "2020.03.11"]
[EventType "tourn"]
[EventRounds "9"]
[EventCountry "UZB"]
[SourceTitle "CBM 195 Extra"]
[Source "ChessBase"]
[SourceDate "2020.05.31"]
[SourceVersion "1"]
[SourceVersionDate "2020.05.31"]
[SourceQuality "1"]

1. d4 Nf6 2. Nf3 d5 3. e3 e6 4. Bd3 Bd6 5. Nbd2 c5 6. c3 0-0 7. 0-0 Nc6 8. dxc5 Bxc5 9. b4 Bd6 10. Bb2 e5 11. e4 dxe4 12. Nxe4 Nxe4 13. Bxe4 Be6 14. Re1 f6 15. Qd3 f5 16. Bxc6 bxc6 17. Rad1 Bc7 18. Qe2 Qf6 19. Nxe5 Bxe5 20. Qxe5 Bxa2 21. Qxf6 Rxf6 22. c4 Rf7 23. Rd4 h6 24. Ra1 Bb3 25. Ra3 c5 26. bxc5 Rb8 27. Bc1 Re7 28. Be3 Bxc4 29. h4 Bb5 30. Rd6 Rc8 31. Rc3 Bc6 32. Kh2 Kf7 33. Rb3 1/2-1/2

[Event "UZB-ch (Women)"]
[Site "Tashkent"]
[Date "2017.06.05"]
[Round "9"]
[White "Parpieva, Nodirabegim"]
[Black "Narzikulova, Gulhae"]
[Result "0-1"]
[WhiteElo "2121"]
[BlackElo "1904"]
[PlyCount "50"]
[EventDate "2017.05.28"]
[EventType "tourn"]
[EventRounds "9"]
[EventCountry "UZB"]
[SourceTitle "EXT 2018"]
[Source "ChessBase"]
[SourceDate "2017.10.13"]
[SourceVersion "1"]
[SourceVersionDate "2017.10.13"]
[SourceQuality "1"]

1. e4 c5 2. Nf3 d6 3. d4 cxd4 4. Nxd4 Nf6 5. Nc3 a6 6. Be3 Ng4 7. Bg5 Nc6 8. h3 Nge5 9. f4 h6 10. fxe5 hxg5 11. e6 fxe6 12. Nxc6 bxc6 13. Qd2 Qa5 14. Bc4 g6 15. Rf1 Bg7 16. Rf3 Rb8 17. 0-0-0 g4 18. Re3 Bh6 19. Bb3 Qc5 20. Rde1 Bxe3 21. Rxe3 gxh3 22. gxh3 Qg5 23. e5 d5 24. Kb1 Rf8 25. a3 Rf1+ 0-1

[Event "Wch U16 Girls"]
[Site "Al Ain"]
[Date "2013.??.??"]
[Round "8"]
[White "Serefidou, Despina"]
[Black "Narzikulova, Gulhae"]
[Result "1-0"]
[WhiteElo "1958"]
[BlackElo "1769"]
[PlyCount "75"]
[EventDate "2013.12.18"]
[EventType "swiss"]
[EventRounds "11"]
[EventCountry "UAE"]
[SourceTitle "CBM 158 Extra"]
[Source "ChessBase"]
[SourceDate "2014.02.28"]
[SourceVersion "1"]
[SourceVersionDate "2014.02.28"]
[SourceQuality "1"]

1. e4 c5 2. Nf3 e6 3. d4 cxd4 4. Nxd4 a6 5. Bd3 Bc5 6. Nb3 Ba7 7. Qg4 Nf6 8. Qg3 d6 9. Bg5 Nc6 10. Nc3 Ne5 11. 0-0 h6 12. Be3 Nh5 13. Qh3 Bxe3 14. Qxe3 Ng4 15. Qd2 Qb6 16. Rad1 0-0 17. h3 Ne5 18. Be2 Nf6 19. Qxd6 Nc6 20. Qg3 a5 21. e5 Nd7 22. Na4 Qb4 23. Qg4 Qxg4 24. hxg4 Ncxe5 25. f4 Ng6 26. Bb5 Nf6 27. Nb6 Ra7 28. f5 Ne5 29. Rf4 Nexg4 30. Rc4 Ne3 31. Rxc8 Nxd1 32. Rxf8+ Kxf8 33. Kf1 Nd5 34. Nxd5 exd5 35. a4 b6 36. Ke2 Ke7 37. Kxd1 Kd6 38. Kd2 1-0